Urban subcenter formation.

Ukážka súboru dynamických modelov vytvárania urbanistických subcentier. Spoločné zložky modelov - plánovači alokujú rastúci počet obyvateľov do jednej alebo dvoch výrobných lokalít, potreba prioritného umiestnenia infraštruktúry pred umiestnením výrobných kapacít, vonkajšie úspory vo výrobe a straty...

Descrizione completa

Salvato in:
Dettagli Bibliografici
Autore principale: Melsley, R.W
Altri autori: Sullivan, A.M
Natura: Capitolo di libro
Lingua:inglese
Soggetti:
Tags: Aggiungi Tag
Nessun Tag, puoi essere il primo ad aggiungerne!!

MARC

LEADER 00000naa a2200000 4500
001 r006987
005 20221130103851.9
041 0 |a eng 
044 |a NL 
245 1 0 |a Urban subcenter formation.  |c R.W. Melsley, A.M. Sullivan 
520 |a Ukážka súboru dynamických modelov vytvárania urbanistických subcentier. Spoločné zložky modelov - plánovači alokujú rastúci počet obyvateľov do jednej alebo dvoch výrobných lokalít, potreba prioritného umiestnenia infraštruktúry pred umiestnením výrobných kapacít, vonkajšie úspory vo výrobe a straty v doprave. 
610 2 0 |a urbanizácia 
610 2 0 |a urbanizmus 
610 2 0 |a modely ekonomické 
610 2 0 |a infraštruktúra 
610 2 0 |a mestá 
100 1 |a Melsley, R.W. 
700 1 |a Sullivan, A.M.